Largest Natural Satellites in Solar System - Statistics

General Stats
  • This quiz has been taken 30 times
  • The average score is 10 of 16
Answer Stats
Hint Answer % Correct
1818 km Io
96%
1737 km Moon
96%
2575 km Titan
89%
2634 km Ganymede
85%
1560 km Europa
81%
2408 km Callisto
78%
1353 km Triton
70%
603 km Charon
67%
788 km Titania
59%
764 km Rhea
56%
578 km Ariel
48%
734 km Iapetus
44%
761 km Oberon
44%
584 km Umbriel
41%
536 km Tethys
37%
562 km Dione
33%
No matching quizzes found
Score Distribution
Percent of People with Each Score
Percentile by Number Answered
Your Score History
You have not taken this quiz